Biến đổi khí hậu và năng lượng
Saved in:
| Main Author: | |
|---|---|
| Format: | Book |
| Language: | Vietnamese |
| Published: |
Hà Nội
Tri thức
2011
|
| Edition: | Tái bản lần thứ nhất |
| Subjects: | |
| Tags: |
Add Tag
No Tags, Be the first to tag this record!
|
| Institutions: | Trung tâm Học liệu Lê Vũ Hùng, Trường Đại học Đồng Tháp |
|---|
| LEADER | 00830pam a22002658a 4500 | ||
|---|---|---|---|
| 001 | 00045827 | ||
| 005 | 20200929140957.0 | ||
| 008 | 110810s2009 ||||||viesd | ||
| 020 | # | # | |c 79000 |
| 041 | 0 | # | |a vie |
| 082 | 1 | 4 | |a 551.6 |b B305Đ |
| 100 | 1 | # | |a Nguyễn Thọ Nhân |
| 245 | 1 | 0 | |a Biến đổi khí hậu và năng lượng |c Nguyễn Thọ Nhân |
| 250 | # | # | |a Tái bản lần thứ nhất |
| 260 | # | # | |a Hà Nội |b Tri thức |c 2011 |
| 300 | # | # | |a 327 tr. |b minh hoạ |c 24 cm |
| 650 | # | 4 | |a Biến đổi |
| 650 | # | 4 | |a Chăn nuôi |
| 650 | # | 4 | |a Khí hậu |
| 650 | # | 4 | |a Môi trường |
| 650 | # | 4 | |a Ăn chay |
| 650 | # | 4 | |a Ảnh hưởng |
| 852 | # | # | |j KD.0017830 |
| 910 | # | # | |d 29/09/2020 |
| 980 | # | # | |a Trung tâm Học liệu Lê Vũ Hùng, Trường Đại học Đồng Tháp |